TDS Area 51 Event Enemies - Statistics

General Stats
  • This quiz has been taken 7 times
  • The average score is 6 of 9
Answer Stats
Hint Answer % Correct
35000 Raider Boss
100%
10 Alien
75%
1000 Raider 1
75%
1500 Raider 2
75%
25 Zoomer
75%
35 Hidden Zoomer
50%
250 Lawnmower
50%
25 Strong Alien
50%
400 UFO
50%
No matching quizzes found
Score Distribution
Percent of People with Each Score
Percentile by Number Answered
Your Score History
You have not taken this quiz